Top 10 des joueurs de foot avec le plus d'abonnés sur Instagram - Statistiques

Statistiques générales
  • Ce quiz a été pris 271 fois
  • Le résultat moyen est 6 sur 10
Statistiques - réponses
Nombre d'abonnés (Millions Joueur % Correct
642 Cristiano Ronaldo
100%
504 Lionel Messi
100%
122 Kylian Mbappe
97%
226 Neymar JR
93%
76 Karim Benzema
56%
62 Paul Pogba
43%
63 Mohamed Salah
37%
65 Sergio Ramos
35%
68 Marcelo
19%
58 Paulo Dybala
10%
Aucun quiz correspondant
Distribution des résultats
% des personnes avec chaque résultat
Percentile par nombre de réponses
Votre historique - résultats
Vous n’avez pas pris ce quiz